|
|
|
|
| LEADER |
00000cam a22000004a 4500 |
| 001 |
musev2_26587 |
| 003 |
MdBmJHUP |
| 005 |
20230905042824.0 |
| 006 |
m o d |
| 007 |
cr||||||||nn|n |
| 008 |
131009s2013 txu o 00 0 eng d |
| 020 |
|
|
|a 9781623490065
|
| 020 |
|
|
|z 9781603449656
|
| 020 |
|
|
|z 1623490065
|
| 035 |
|
|
|a (OCoLC)858230508
|
| 040 |
|
|
|a MdBmJHUP
|c MdBmJHUP
|
| 100 |
1 |
|
|a Maxwell, Terry C.
|
| 245 |
1 |
0 |
|a Wildlife of the Concho Valley /
|c Terry C. Maxwell.
|
| 250 |
|
|
|a First edition.
|
| 264 |
|
1 |
|a College Station, Texas :
|b Texas A & M University Press,
|c 2013.
|
| 264 |
|
3 |
|a Baltimore, Md. :
|b Project MUSE,
|c 2013
|
| 264 |
|
4 |
|c ©2013.
|
| 300 |
|
|
|a 1 online resource (292 pages):
|b llustrations, photographs
|
| 336 |
|
|
|a text
|b txt
|2 rdacontent
|
| 337 |
|
|
|a computer
|b c
|2 rdamedia
|
| 338 |
|
|
|a online resource
|b cr
|2 rdacarrier
|
| 490 |
0 |
|
|a W.L. Moody, Jr., natural history series ;
|v no. 48
|
| 505 |
0 |
|
|a The Concho Valley -- History of vertebrate study -- Species accounts -- Fishes -- Amphibians -- Reptiles -- Birds -- Mammals.
|
| 520 |
|
|
|a The Concho Valley, named from the abundant mussel shells found in its principal river by seventeenth-century Spanish explorers, occupies a transitional position between the Chihuahuan Desert to the west and the Balcones Canyonlands to the east. As the author, a veteran field biologist and educator, notes, the region has experienced wide-ranging changes in the makeup of its vertebrate populations, especially in the decades since farming and ranching began here in earnest in the mid- to late 1800s.
|
| 588 |
|
|
|a Description based on print version record.
|
| 650 |
|
7 |
|a Wildlife watching.
|2 fast
|0 (OCoLC)fst01175441
|
| 650 |
|
7 |
|a Vertebrates.
|2 fast
|0 (OCoLC)fst01165545
|
| 650 |
|
7 |
|a Animals.
|2 fast
|0 (OCoLC)fst00809468
|
| 650 |
|
7 |
|a SCIENCE
|x Life Sciences
|x Zoology
|x General.
|2 bisacsh
|
| 650 |
|
7 |
|a NATURE
|x Animals
|x Wildlife.
|2 bisacsh
|
| 650 |
|
7 |
|a NATURE
|x Animals
|x General.
|2 bisacsh
|
| 650 |
|
0 |
|a Wildlife watching
|z Texas
|z Concho River Valley.
|
| 650 |
|
0 |
|a Vertebrates
|z Texas
|z Concho River Valley.
|
| 650 |
|
0 |
|a Animals
|z Texas
|z Concho River Valley.
|
| 651 |
|
7 |
|a Texas
|z Concho River Valley.
|2 fast
|0 (OCoLC)fst01889798
|
| 655 |
|
7 |
|a Electronic books.
|2 local
|
| 710 |
2 |
|
|a Project Muse.
|e distributor
|
| 830 |
|
0 |
|a Book collections on Project MUSE.
|
| 856 |
4 |
0 |
|z Texto completo
|u https://projectmuse.uam.elogim.com/book/26587/
|
| 945 |
|
|
|a Project MUSE - Custom Collection
|
| 945 |
|
|
|a Project MUSE - 2013 Complete
|
| 945 |
|
|
|a Project MUSE - 2013 Ecology and Evolution
|